Bài tang ca của người HMôngz ở Sa Pa : Dẫn dịch thành hai thứ tiếng HMôngz - Việt

Sách giới thiệu những bài ca trong tang lễ (Kruôz Cêr) của người HMôngz ở Sa Pa. Sách được dịch song ngữ, tiếng HMôngz và tiếng Việt.

Đã lưu trong:
Bibliografiske detaljer
Hovedforfatter: Giàng, Seo Gà
Format: Bog
Sprog:Undetermined
Udgivet: Hà Nội Khoa học - Xã hội 2015
Fag:
Tags: Tilføj Tag
Ingen Tags, Vær først til at tagge denne postø!
Thư viện lưu trữ: Trung tâm Học liệu Trường Đại học Cần Thơ
LEADER 00895nam a2200205Ia 4500
001 CTU_209892
008 210402s9999 xx 000 0 und d
082 |a 393.909597 
082 |b G100 
100 |a Giàng, Seo Gà 
245 0 |a Bài tang ca của người HMôngz ở Sa Pa : 
245 0 |b Dẫn dịch thành hai thứ tiếng HMôngz - Việt 
245 0 |c Giàng Seo Gà 
260 |a Hà Nội 
260 |b Khoa học - Xã hội 
260 |c 2015 
520 |a Sách giới thiệu những bài ca trong tang lễ (Kruôz Cêr) của người HMôngz ở Sa Pa. Sách được dịch song ngữ, tiếng HMôngz và tiếng Việt. 
650 |a Nghi thức tang lễ và nghi lễ,Funeral rites and ceremonies 
904 |i Châu Thiên Phúc,Hải 
980 |a Trung tâm Học liệu Trường Đại học Cần Thơ